GEOGRAFI TANIH

Bibliographic Details
Main Author: Firuza Begham Mustafa (Author)
Format: Book
Language:Malay
Published: KUALA LUMPUR : Penerbit Universiti Malaya 2020
Subjects:

MARC

LEADER 00000cam a2200000 7i4500
001 0000030093
005 20221005.0
008 220921 my may
020 |a 9789674881580 
040 |a INS   |b eng   |e rda 
090 0 0 |a S591   |b F57 2020 
100 0 |a Firuza Begham Mustafa ,   |e author 
245 1 0 |a GEOGRAFI TANIH   |c Firuza Begham Mustafa 
264 1 |a KUALA LUMPUR :   |b Penerbit Universiti Malaya   |c 2020 
264 4 |c ©2020 
300 |a 92 pages :   |b Penerbit Universiti Malaya ;   |c 2020. 
336 |a text  |2 rdacontent 
337 |a unmediated  |2 rdamedia 
338 |a volume  |2 rdacarrier 
500 |a Includes index 
504 |a Bibliography: pages [85]-88 
650 0 |a Government publications   |z Malaysia 
650 0 |a Soil geography 
650 0 |a Soil science 
650 0 |a Soils 
999 |a 1000004531   |b BOOK   |c Open Shelf   |e Default branch